Daňová morálka fyzických osôb pri zdaňovaní príjmov diplomová práca

Guardado en:
Detalles Bibliográficos
Autor principal: Masničáková, Michaela
Autor Corporativo: Národohospodárska fakulta EU. Katedra financií
Otros Autores: Ihnatišinová, Denisa, 1983-
Formato: Libro
Lenguaje:eslovaco
Publicado: Bratislava 2023
Etiquetas: Agregar Etiqueta
Sin Etiquetas, Sea el primero en etiquetar este registro!

MARC

LEADER 00000nbm a2200000 4500
001 0293003
005 20231127090326.0
041 0 |a slo 
044 |a SK 
245 1 0 |a Daňová morálka fyzických osôb pri zdaňovaní príjmov  |b diplomová práca  |c Michaela Masničáková ; školiteľ: Denisa Ihnatišinová 
264 1 |a Bratislava  |c 2023 
300 |a 64 s. 
100 1 |a Masničáková, Michaela 
700 1 |a Ihnatišinová, Denisa, 1983- 
710 2 |a Národohospodárska fakulta EU. Katedra financií